|
|
|
|
| LEADER |
00000nab a2200000 ar4500 |
| 001 |
vtls009355403 |
| 003 |
SK-MaSNL |
| 005 |
20260318133219.0 |
| 008 |
081030c20081013xo |||||||| 000 b|hun |
| 015 |
|
|
|a SNBRB2008/10
|2 snkbucl
|
| 038 |
|
|
|a SNKBUCL
|
| 040 |
|
|
|a DSZK
|b slo
|c DSZK
|e AACR2
|
| 041 |
0 |
|
|a hun
|
| 044 |
|
|
|a xo
|c SK
|
| 080 |
|
|
|a 78.079
|2 1997
|
| 100 |
1 |
|
|a Horkay, Tomáš,
|d 1970-
|4 aut
|9 103398
|
| 245 |
1 |
0 |
|a Zenei ünnep az Ung-vidéken – harmadszor
|b új klasszikus zenei fesztivál eresztett gyökeret Nagykaposon és környékén
|c Horkay Tamás
|
| 300 |
|
|
|b Fotogr.
|
| 611 |
2 |
7 |
|a Hudobné dni Použia
|n (3. :
|d 2008 :
|c Slovensko)
|2 snkbucl
|9 1241963
|
| 648 |
|
7 |
|a 2008
|2 snkbucl
|9 317238
|
| 650 |
0 |
7 |
|a hudobné festivaly
|2 SNKPH
|9 2958
|
| 651 |
|
7 |
|a Veľké Kapušany (Slovensko)
|2 SNKPHgeo
|9 15686
|
| 651 |
|
7 |
|a Čičarovce (Slovensko)
|2 SNKPHgeo
|9 29381
|
| 651 |
|
7 |
|a Ptrukša (Slovensko)
|2 snkbucl
|9 51981
|
| 651 |
|
7 |
|a Drahňov (Slovensko)
|2 snkbucl
|9 16657
|
| 651 |
|
7 |
|a Kráľovský Chlmec (Slovensko)
|2 SNKPHgeo
|9 15685
|
| 651 |
|
7 |
|a Streda nad Bodrogom (Slovensko)
|2 snkbucl
|9 28593
|
| 651 |
|
7 |
|a Krišovská Liesková (Slovensko)
|2 snkbucl
|9 51954
|
| 773 |
0 |
|
|t Új szó
|g Évf. 61, sz. 237 (13.10.2008), o. 6
|x 1335-7050
|
| 852 |
|
|
|a SNK
|b KIS3GCP
|
| 852 |
|
|
|a DSZK
|b KIS3GCP
|
| 957 |
|
|
|a Veľké Kapušany (Slovensko)
|
| 958 |
|
|
|a HU
|
| 958 |
|
|
|a SK
|
| 999 |
|
|
|c 2199892
|d 2201822
|